Sports Quiz

Random Sports or NBA Quiz

Portland Trailblazers Individual Awards Quiz Stats

 Plays Quiz not verified by Sporcle

Also try: ABA Teams
Challenge
Share
Tweet
Embed
Score 0/50 Timer 06:00
0 Plays Today
Award Recipient % Correct
Rookie of the Year 2013Damian Lillard
97.2%
MVP 1978Bill Walton
95.2%
All NBA First Team 1978Bill Walton
95.2%
All NBA First Team 1992Clyde Drexler
95.2%
All NBA Second Team 1977Bill Walton
95.2%
All NBA Second Team 1991Clyde Drexler
95.2%
All NBA Third Team 1990Clyde Drexler
95.2%
All NBA Defensive First Team 1977Bill Walton
95.2%
All NBA Second Team 1988Clyde Drexler
95.2%
All NBA Defensive First Team 1978Bill Walton
95.2%
All NBA Third Team 2011LaMarcus Aldridge
94.4%
NBA Rookie First Team 2007LaMarcus Aldridge
94.4%
Rookie of the Year 2007Brandon Roy
93.6%
All NBA Second Team 2009Brandon Roy
93.6%
All NBA Third Team 2010Brandon Roy
93.6%
NBA Rookie First Team 2007Brandon Roy
93.6%
NBA Rookie First Team 2013Damian Lillard
69.6%
Sixth Man of the Year 1993Clifford Robinson
67.2%
All NBA Defensive First Team 1990Buck Williams
64%
All NBA Defensive First Team 1991Buck Williams
64%
All NBA Defensive Second Team 1992Buck Williams
64%
Most Improved Player 2004Zach Randolph
63.2%
All NBA Second Team 1978Maurice Lucas
61.6%
All NBA Defensive First Team 1978Maurice Lucas
61.6%
All NBA Defensive Second Team 1979Maurice Lucas
61.6%
Award Recipient % Correct
Most Improved Player 1988Kevin Duckworth
60.8%
Rookie of the Year 1971Geoff Petrie
52%
NBA Rookie First Team 1970Geoff Petrie
52%
NBA Rookie First Team 1996Arvydas Sabonis
48.8%
All NBA Defensive Second Team 2000Scottie Pippen
47.2%
Rookie of the Year 1972Sidney Wicks
44%
NBA Rookie First Team 1971Sidney Wicks
44%
All NBA Second Team 1984Jim Paxson
43.2%
Coach of the Year 1999Mike Dunleavy
40.8%
All NBA Defensive First Team 1978Lionel Hollins
37.6%
All NBA Defensive Second Team 1979Lionel Hollins
37.6%
NBA Rookie First Team 1976Lionel Hollins
37.6%
NBA Rookie First Team 1979Mychal Thompson
36%
NBA Rookie First Team 1985Sam Bowie
31.2%
All NBA Defensive Second Team 1978Bob Gross
26.4%
All NBA Defensive Second Team 2004Theo Ratliff
24.8%
NBA Rookie Second Team 2009Rudy Fernandez
22.5%
Coach of the Year 1987Mike Schuler
16.8%
NBA Rookie First Team 1972Lloyd Neal
16.8%
NBA Rookie First Team 1980Calvin Natt
16.8%
All NBA Defensive Second Team 1980Kermit Washington
14.4%
All NBA Defensive Second Team 1981Kermit Washington
14.4%
NBA Rookie First Team 1979Ron Brewer
9.6%
Executive of the Year 1991Bucky Buckwalter
8.8%
NBA Rookie First Team 1981Kelvin Ransey
8.8%

You're not logged in!

Compare scores with friends on all Sporcle quizzes.
Join for Free
OR
Log In

You Might Also Like...

Show Comments

Extras

Top Quizzes Today


Score Distribution

Your Account Isn't Verified!

In order to create a playlist on Sporcle, you need to verify the email address you used during registration. Go to your Sporcle Settings to finish the process.

Report this User

Report this user for behavior that violates our Community Guidelines.

Details: